Exploring maths 7 : home book (Record no. 288296)
[ view plain ]
| 000 -LEADER | |
|---|---|
| fixed length control field | 00736nam a22001697a 4500 |
| 008 - FIXED-LENGTH DATA ELEMENTS--GENERAL INFORMATION | |
| fixed length control field | 150714b xxu||||| |||| 00| 0 eng d |
| 020 ## - INTERNATIONAL STANDARD BOOK NUMBER | |
| International Standard Book Number | 9781405844239 |
| 050 ## - LIBRARY OF CONGRESS CALL NUMBER | |
| Classification number | QA 11.154 .Ex96h7 2009 |
| 100 ## - MAIN ENTRY--PERSONAL NAME | |
| Personal name | Straker, Anita |
| 245 ## - TITLE STATEMENT | |
| Title | Exploring maths 7 : home book |
| Remainder of title | home book / |
| Statement of responsibility, etc | edited by Anita Straker. |
| 260 ## - PUBLICATION, DISTRIBUTION, ETC. (IMPRINT) | |
| Place of publication, distribution, etc | Great Britain, Scotprint : |
| Name of publisher, distributor, etc | Pearson Longman, |
| Date of publication, distribution, etc | c2009. |
| 300 ## - PHYSICAL DESCRIPTION | |
| Extent | 124 pages.: |
| Other physical details | color illustrations.; |
| Dimensions | 28 cm. |
| 520 ## - SUMMARY, ETC. | |
| Summary, etc | its about the powers and roots, functions and graph, equations and formula, 2D and 3D shapes, |
| 650 ## - SUBJECT ADDED ENTRY--TOPICAL TERM | |
| Topical term or geographic name as entry element | Fractions -- Mathematics., Probabilities -- Mathematics |
| General subdivision | Mathematics |
| 700 ## - ADDED ENTRY--PERSONAL NAME | |
| Personal name | Fisher, Tony., Hyde, Rosalyn., Jennings, Sue., Longstaffe, Jonathan., |
| 942 ## - ADDED ENTRY ELEMENTS (KOHA) | |
| Source of classification or shelving scheme | Library of Congress Classification |
| Item type | Books |
| Withdrawn status | Lost status | Source of classification or shelving scheme | Damaged status | Home library | Current library | Shelving location | Date acquired | Source of acquisition | Total Checkouts | Full call number | Barcode | Date last seen | Price effective from | Koha item type | Public note |
|---|---|---|---|---|---|---|---|---|---|---|---|---|---|---|---|
| Library of Congress Classification | Luxembourg Library | Luxembourg Library | Teachers Reference Section | 07/14/2015 | Library Fund | QA 11.154 .Ex96h7 2009 | 20080 | 07/14/2015 | 07/14/2015 | Books | Be Amazing. Be Southville! | ||||
| Library of Congress Classification | Luxembourg Library | Luxembourg Library | Teachers Reference Section | 07/14/2015 | Library Fund | QA 11.154 .Ex96h7 2009 | 20081 | 07/14/2015 | 07/14/2015 | Books | Be Amazing. Be Southville! | ||||
| Library of Congress Classification | Luxembourg Library | Luxembourg Library | Teachers Reference Section | 07/14/2015 | Library Fund | QA 11.154 .Ex96h7 2009 | 20082 | 10/16/2015 | 07/14/2015 | Books | Be Amazing. Be Southville! |